| 000 | 00356nam a2200133Ia 4500 | ||
|---|---|---|---|
| 008 | 240624s9999 xx 000 0 und d | ||
| 041 | _aeng | ||
| 082 | _a658.4 PET | ||
| 100 | _aPETERS TOM | ||
| 245 | _aPASSION FOR EXCELLENCE THE LEADERSHIP DI | ||
| 260 |
_c2003 _aNew Delhi _bProfile Books Ltd. |
||
| 300 | _axxv, : 437 : p. : cm. ; 20 | ||
| 365 |
_cRS _b33 |
||
| 999 |
_c10853 _d10853 |
||